| 000 | 00771cam a2200241 i 4500 | ||
|---|---|---|---|
| 001 | 19429248 | ||
| 003 | OSt | ||
| 005 | 20250905103748.0 | ||
| 008 | 170104s2018 at 000 0 eng | ||
| 010 | _a | ||
| 020 | _a9780357506431 | ||
| 040 | _aSEKU | ||
| 050 | 0 | 0 |
_aTK5105.59 _b.W5 2018 |
| 100 | 1 |
_aWhitman, Michael E., _eauthor. |
|
| 245 | 1 | 0 |
_aPrinciples of information security / _cMichael E. Whitman, Ph.D., CISM, CISSP, Herbert J. Mattord, Ph.D., CISM, CISSP, Kennesaw State University. |
| 250 | _aSeventh Edition. | ||
| 264 | 1 |
_aAustralia : _bCengage Learning, _c2022 |
|
| 300 |
_axx, 536 pages ; _c24 cm |
||
| 650 | 0 |
_aComputer networks _xSecurity measures. |
|
| 650 | 0 | _aComputer security. | |
| 700 | 1 |
_aMattord, Herbert J., _eauthor. |
|
| 942 |
_2lcc _cGEN |
||
| 999 |
_c18600 _d18600 |
||